[Event "GEO-ch 62th"]
[Site "?"]
[Date "2002.05.24"]
[Round "5"]
[White "Sturua Zurab"]
[Black "Matnadze Ana"]
[Result "1/2-1/2"]
[WhiteElo "2565"]
[BlackElo "2324"]
[PlyCount "57"]
[EventDate "2002.??.??"]
[Source "www.chesslib.no"]
[SourceDate "2004.05.04"]

1. c4 Nf6 2. Nc3 e6 3. Nf3 b6 4. e4 Bb7 5. Qe2 Bb4 6. e5 Bxc3 7. dxc3 Ng8 8. Bf4 Nc6 9. O-O-O Qe7 10. g3 O-O-O 11. Bg2 f6 12. Rhe1 Nxe5 13. Bxe5 fxe5 14. Qxe5 Qf6 15. Nh4 Bxg2 16. Nxg2 Qxe5 17. Rxe5 Ne7 18. f4 h6 19. Ne3 Rdf8 20. Re4 g5 21. fxg5 hxg5 22. Ng4 Ng6 23. c5 bxc5 24. Ra4 d6 25. Rxa7 Kd7 26. Ra5 Rf5 27. Re1 Ne7 28. Ra4 Nd5 29. Re2 1/2-1/2

[Event "Ch"]
[Site "Klaipeda (Lithuania)"]
[Date "1980.??.??"]
[Round "?"]
[White "Tukmakov, Vladimir B"]
[Black "Ivanov, Alexander Al"]
[Result "1-0"]
[WhiteElo "2560"]
[BlackElo "2325"]
[PlyCount "75"]
[EventDate "1980.??.??"]
[Source "www.chesslib.no"]
[SourceDate "2004.05.04"]

1. c4 Nf6 2. Nc3 e6 3. Nf3 b6 4. e4 Bb7 5. Bd3 c5 6. O-O d6 7. Bc2 e5 8. Ba4+ Nc6 9. b4 Nd7 10. a3 Be7 11. Nd5 O-O 12. d3 Rb8 13. Rb1 Ba8 14. Be3 h6 15. Bb5 Re8 16. Qa4 Qc8 17. Rb2 Bb7 18. Nxe7+ Rxe7 19. Nh4 a6 20. Bxc6 Bxc6 21. Qd1 Re6 22. f4 exf4 23. Bxf4 g5 24. Nf5 gxf4 25. Qg4+ Kf8 26. Qg7+ Ke8 27. Qg8+ Nf8 28. Rxf4 f6 29. Ng7+ Kd7 30. b5 axb5 31. cxb5 Re5 32. Rxf6 Bxb5 33. Rxb5 Kc6 34. Qb3 Qd8 35. Rf7 Qg5 36. Rxb6+ Rxb6 37. Qa4+ Rb5 38. Qa8+ 1-0

[Event "Fortaleza zt"]
[Site "Fortaleza BRA"]
[Date "1975.??.??"]
[Round "2"]
[White "Sanguinetti, Raul C"]
[Black "Bronstein, Luis M"]
[Result "1-0"]
[WhiteElo "2530"]
[BlackElo "2355"]
[PlyCount "81"]
[EventDate "1975.??.??"]
[Source "www.chesslib.no"]
[SourceDate "2004.05.04"]

1. c4 Nf6 2. Nc3 e6 3. Nf3 b6 4. g3 Bb7 5. Bg2 Bb4 6. Qc2 O-O 7. O-O d6 8. b3 Bxc3 9. Qxc3 c5 10. Bb2 e5 11. d3 Nc6 12. e4 Nh5 13. Qd2 f5 14. Ng5 Qe7 15. exf5 Rxf5 16. Ne4 Rff8 17. f4 Nd4 18. Bxd4 cxd4 19. fxe5 dxe5 20. Qg5 Qxg5 21. Nxg5 Bxg2 22. Kxg2 Nf6 23. h3 h6 24. Nf3 e4 25. dxe4 Nxe4 26. Nxd4 Rxf1 27. Rxf1 Rd8 28. Nf3 Rd3 29. Re1 Nc3 30. Re8+ Kh7 31. h4 Nxa2 32. h5 Nc1 33. Nh4 Rd2+ 34. Kh3 Re2 35. Rd8 Re5 36. g4 Re3+ 37. Kg2 Rd3 38. Ra8 Rd2+ 39. Kf3 Rd3+ 40. Kf2 Rd2+ 41. Ke3 1-0

[Event "Karlovac"]
[Site "?"]
[Date "1979.??.??"]
[Round "11"]
[White "Bukal Vladimir Sr"]
[Black "Tatai Stefano"]
[Result "1/2-1/2"]
[WhiteElo "2405"]
[BlackElo "2475"]
[PlyCount "20"]
[EventDate "1979.??.??"]
[Source "www.chesslib.no"]
[SourceDate "2004.05.04"]

1. c4 Nf6 2. Nc3 e6 3. Nf3 b6 4. e4 Bb7 5. d3 d6 6. g3 Be7 7. Bg2 O-O 8. O-O c5 9. Ne1 Nfd7 10. Nc2 Nc6 1/2-1/2

[Event "Sao Paulo"]
[Site "Sao Paulo"]
[Date "1979.??.??"]
[Round "?"]
[White "Panno, Oscar"]
[Black "Filguth, Rubens A"]
[Result "1-0"]
[WhiteElo "2545"]
[BlackElo "2335"]
[PlyCount "79"]
[EventDate "1979.02.??"]
[Source "www.chesslib.no"]
[SourceDate "2004.05.04"]

1. c4 Nf6 2. Nc3 e6 3. Nf3 b6 4. e4 Bb7 5. Bd3 d6 6. Bc2 c5 7. d4 cxd4 8. Nxd4 Be7 9. Ba4+ Nbd7 10. Bc6 Qc8 11. Bxb7 Qxb7 12. Qe2 O-O 13. O-O a6 14. b3 Rab8 15. Re1 Rfe8 16. Bb2 Bf8 17. Rad1 g6 18. h3 Bg7 19. Nf3 Qc7 20. Rd2 Red8 21. Red1 Ne8 22. Rc2 Qb7 23. Nd4 Nef6 24. Qe3 Nc5 25. f3 Ne8 26. g4 Nc7 27. b4 Nd7 28. Nce2 Rbc8 29. a4 d5 30. cxd5 exd5 31. Nc6 Re8 32. Bxg7 Kxg7 33. Qd4+ f6 34. exd5 Ne5 35. Nxe5 Rxe5 36. Rdc1 Nxd5 37. Rxc8 Rxe2 38. g5 Re5 39. gxf6+ Kxf6 40. f4 1-0

[Event "Havana"]
[Site "Havana"]
[Date "1983.??.??"]
[Round "5"]
[White "Fernandez, Juan C"]
[Black "Sisniega, Marcel"]
[Result "1-0"]
[WhiteElo "2410"]
[BlackElo "2455"]
[PlyCount "81"]
[EventDate "1983.??.??"]
[Source "ChessBase"]

1. c4 Nf6 2. Nc3 e6 3. Nf3 b6 4. e4 Bb7 5. d3 d6 6. g3 c5 7. Bg2 Nbd7 8. O-O Be7 9. b3 O-O 10. Re1 a6 11. d4 cxd4 12. Nxd4 Qc7 13. Bb2 Rfe8 14. Rc1 Rac8 15. a4 Bf8 16. Kh1 Qb8 17. g4 g6 18. g5 Nh5 19. Nde2 Bg7 20. Rc2 Nc5 21. Rd2 Be5 22. Ng3 Nf4 23. Bf1 Qa8 24. f3 Qb8 25. b4 Nd7 26. Qb3 Qc7 27. Nd1 Bxb2 28. Nxb2 d5 29. Qe3 Qe5 30. Rd4 Qd6 31. cxd5 e5 32. Rc4 Rxc4 33. Nxc4 Qxb4 34. Rc1 Qxa4 35. Nd6 Rb8 36. Rc4 Qd1 37. Rc7 Nxd5 38. exd5 Bxd5 39. Rxd7 Bxf3+ 40. Kg1 Bc6 41. Qf2 1-0

[Event "AUT-chT2M 9900"]
[Site "?"]
[Date "1999.12.05"]
[Round "5.1"]
[White "Uhlmann Wolfgang"]
[Black "Medvegy Zoltan"]
[Result "1-0"]
[WhiteElo "2452"]
[BlackElo "2411"]
[PlyCount "143"]
[EventDate "1999.??.??"]
[Source "www.chesslib.no"]
[SourceDate "2004.05.04"]

1. c4 Nf6 2. Nc3 e6 3. Nf3 b6 4. e4 Bb7 5. Bd3 c5 6. O-O Nc6 7. Bc2 Nd4 8. Nxd4 cxd4 9. Ne2 Bxe4 10. Bxe4 Nxe4 11. Nxd4 Be7 12. Qg4 f5 13. Qe2 O-O 14. d3 Nf6 15. Bf4 a6 16. Rfe1 Bb4 17. Bd2 Bd6 18. h3 Qc7 19. a4 Bc5 20. Bc3 Rae8 21. a5 bxa5 22. Nb3 Bb4 23. Bxb4 axb4 24. Rxa6 Ra8 25. Rea1 Rxa6 26. Rxa6 Qb7 27. Ra4 Ra8 28. Nc5 Qc6 29. Rxa8+ Qxa8 30. Nxd7 Nxd7 31. Qxe6+ Kf8 32. Qxd7 Qa1+ 33. Kh2 Qxb2 34. Qd6+ Kf7 35. c5 b3 36. c6 Qc1 37. c7 b2 38. Qd5+ Ke7 39. Qd8+ Kf7 40. Qd7+ Kf6 41. Qd4+ Ke6 42. Qxb2 Qxc7+ 43. g3 g6 44. Qe2+ Kf6 45. Qe3 Qc6 46. Qd4+ Ke6 47. h4 Qd5 48. Qb6+ Kf7 49. Qc7+ Kf6 50. Qc3+ Ke6 51. Qc8+ Ke7 52. Qc7+ Kf6 53. Qc3+ Ke6 54. Kg1 Qf3 55. Qc4+ Kf6 56. Qd4+ Kf7 57. Qd7+ Kf6 58. d4 Qe4 59. Qd6+ Kf7 60. Qe5 Qb1+ 61. Kg2 Qb7+ 62. d5 Qc8 63. d6 Qc6+ 64. Kh2 Qd7 65. Qd5+ Kf6 66. Kg2 Kg7 67. Kf3 Kf6 68. Qd4+ Kf7 69. Kf4 h5 70. Qd5+ Kf6 71. Qe5+ Kf7 72. Kg5 1-0

[Event "XXXV WJuCh"]
[Site "?"]
[Date "1996.11.19"]
[Round "10"]
[White "Ginzburg Maximiliano"]
[Black "Lauber Arnd"]
[Result "0-1"]
[WhiteElo "2425"]
[BlackElo "2380"]
[PlyCount "94"]
[EventDate "1996.??.??"]
[Source "www.chesslib.no"]
[SourceDate "2004.05.04"]

1. c4 Nf6 2. Nc3 e6 3. Nf3 b6 4. e4 Bb7 5. e5 Ne4 6. d4 d6 7. exd6 Bxd6 8. Bd3 Nxc3 9. bxc3 Qf6 10. h4 h6 11. Rh3 Bf4 12. Bxf4 Qxf4 13. Kf1 Nd7 14. Qa4 Qd6 15. Ne5 Ke7 16. Re1 Nxe5 17. Rxe5 c5 18. Rhe3 cxd4 19. cxd4 Bc6 20. Qb3 Qxd4 21. c5 Rhc8 22. Rxe6+ Kf8 23. R6e5 bxc5 24. Kg1 Kg8 25. Bc4 Rc7 26. Re7 Rxe7 27. Rxe7 Qg4 28. Bf1 Qg6 29. Rxa7 Re8 30. Qc3 Rd8 31. Qe1 Qg4 32. Qe2 Qxh4 33. Rc7 Qf6 34. Qa6 Rd2 35. Be2 Qa1+ 36. Bf1 Qd4 37. Be2 Qa1+ 38. Bf1 Qe1 39. Qc8+ Be8 40. Qf5 Rd1 41. Rc8 Qxf1+ 42. Kh2 Qh1+ 43. Kg3 Qe1 44. Qxc5 Qe6 45. a4 Re1 46. a5 Re5 47. Qc3 Qg6+ 0-1

[Event "TCh-CZE Extraliga 2003-4"]
[Site "?"]
[Date "2004.02.07"]
[Round "6"]
[White "Nedela Vlastimil"]
[Black "Petrik Tomas"]
[Result "1/2-1/2"]
[WhiteElo "2378"]
[BlackElo "2413"]
[PlyCount "30"]
[EventDate "2004.??.??"]
[Source "www.chesslib.no"]
[SourceDate "2004.05.04"]

1. c4 Nf6 2. Nc3 e6 3. Nf3 b6 4. e3 Bb7 5. Be2 Be7 6. O-O O-O 7. b3 d5 8. Bb2 c5 9. cxd5 Nxd5 10. d4 Nxc3 11. Bxc3 Nd7 12. Qc2 Bf6 13. Rfd1 Qe7 14. Qb2 Rac8 15. Rac1 Rfd8 1/2-1/2

[Event "CZE Team Ch 9697"]
[Site "Czech Republic"]
[Date "1997.??.??"]
[Round "11"]
[White "David, Pavel"]
[Black "Tichy, Vladimir"]
[Result "1-0"]
[WhiteElo "2415"]
[BlackElo "2360"]
[PlyCount "47"]
[EventDate "1996.??.??"]
[Source "www.chesslib.no"]
[SourceDate "2004.05.04"]

1. c4 Nf6 2. Nc3 e6 3. Nf3 b6 4. e4 c5 5. Bd3 d6 6. Bc2 Be7 7. d4 cxd4 8. Nxd4 O-O 9. O-O Bb7 10. b3 Nbd7 11. Bb2 a6 12. Qe2 Qc7 13. Rad1 Rfd8 14. Kh1 Nc5 15. f4 d5 16. exd5 exd5 17. Nf5 Bf8 18. Nxd5 Nxd5 19. cxd5 Rxd5 20. Rxd5 Bxd5 21. Nh6+ Kh8 22. Qh5 Be4 23. Bxe4 Nxe4 24. Qd5 1-0

[Event "Corr"]
[Site "?"]
[Date "2002.05.01"]
[Round "?"]
[White "Thomsen Keld (DEN)"]
[Black "Kurylo Dr.Risard (LTU)"]
[Result "1/2-1/2"]
[WhiteElo "2344"]
[BlackElo "2423"]
[PlyCount "64"]
[EventDate "2002.??.??"]
[Source "www.chesslib.no"]
[SourceDate "2004.05.04"]

1. c4 Nf6 2. Nc3 e6 3. Nf3 b6 4. e4 Bb7 5. Bd3 d6 6. Bc2 e5 7. d4 Nbd7 8. O-O Be7 9. b3 O-O 10. Bb2 Re8 11. Re1 Bf8 12. Qd2 c6 13. Rad1 a6 14. a3 Qc7 15. Nh4 g6 16. Nf3 Bg7 17. b4 exd4 18. Qxd4 c5 19. Qxd6 Qxd6 20. Rxd6 cxb4 21. axb4 Bf8 22. Rdd1 Bxb4 23. Re3 Rac8 24. Ba4 Re7 25. Nd5 Bxd5 26. Bxd7 Nxd7 27. cxd5 Rc2 28. Ba3 Bxa3 29. Rxa3 Rxe4 30. Rxa6 Ree2 31. Rf1 Rb2 32. g3 Ne5 1/2-1/2

[Event "Hoogovens-B"]
[Site "Wijk aan Zee"]
[Date "1982.??.??"]
[Round "2"]
[White "Hjartarson, Johann"]
[Black "Vogel, Jaap"]
[Result "1/2-1/2"]
[WhiteElo "2425"]
[BlackElo "2335"]
[PlyCount "81"]
[EventDate "1982.01.??"]
[Source "ChessBase"]

1. c4 Nf6 2. Nc3 e6 3. Nf3 b6 4. e4 Bb7 5. Qe2 d6 6. d4 c5 7. d5 exd5 8. exd5+ Be7 9. g3 O-O 10. Bg2 Re8 11. O-O a6 12. a4 Nbd7 13. h3 Bf8 14. Qc2 g6 15. b3 Bg7 16. Bb2 Qe7 17. a5 Qd8 18. axb6 Qxb6 19. Rfe1 h6 20. Na4 Qc7 21. Bc3 Rxe1+ 22. Rxe1 Re8 23. Qb2 Bc8 24. b4 Rxe1+ 25. Nxe1 cxb4 26. Qxb4 Ne8 27. Bxg7 Kxg7 28. Nd3 Nef6 29. c5 dxc5 30. Naxc5 Nxc5 31. Nxc5 Kh7 32. Qd4 Qd6 33. h4 h5 34. Ne6 Qe7 35. Ng5+ Kg8 36. d6 Qe1+ 37. Bf1 Ng4 38. Qa7 Bd7 39. Nf3 Qe6 40. Qc7 Qa2 41. Qc5 1/2-1/2

[Event "Jezero Open"]
[Site "Belgrade"]
[Date "2003.08.17"]
[Round "4"]
[White "Cvetkovic, Srdjan"]
[Black "Panic, Nenad"]
[Result "1/2-1/2"]
[WhiteElo "2409"]
[BlackElo "2347"]
[PlyCount "60"]
[EventDate "2003.08.14"]
[Source "Roberto Alvarez"]
[SourceDate "2003.09.15"]

1. c4 Nf6 2. Nc3 e6 3. Nf3 b6 4. e4 Bb7 5. Bd3 d6 6. Bc2 c5 7. d4 cxd4 8. Nxd4 Nbd7 9. O-O Be7 10. b3 O-O 11. Bb2 a6 12. Qe2 Re8 13. Rad1 Qc7 14. Bb1 d5 15. cxd5 exd5 16. Nxd5 Nxd5 17. exd5 Nf6 18. Qd3 Rad8 19. Nb5 axb5 20. Bxf6 g6 21. Qc3 Qxc3 22. Bxc3 Bxd5 23. Rfe1 Be6 24. Bd4 Bb4 25. Bxb6 Rb8 26. Re4 Bc3 27. Bc7 Rbc8 28. Bb6 Rb8 29. Bc7 Rbc8 30. Bb6 Rb8 1/2-1/2

[Event "CAN Ch"]
[Site "Ottawa CAN"]
[Date "1984.??.??"]
[Round "8"]
[White "Piasetski, Leon D"]
[Black "Hawkes, Rob"]
[Result "1-0"]
[WhiteElo "2390"]
[BlackElo "2365"]
[PlyCount "61"]
[EventDate "1984.??.??"]
[Source "www.chesslib.no"]
[SourceDate "2004.05.04"]

1. c4 Nf6 2. Nc3 e6 3. Nf3 b6 4. e4 Bb7 5. Bd3 d5 6. cxd5 exd5 7. e5 Ne4 8. Bc2 Nc5 9. d4 Ne6 10. O-O g6 11. Be3 Bg7 12. Qd2 O-O 13. Bh6 Bxh6 14. Qxh6 c5 15. dxc5 bxc5 16. Rad1 Qa5 17. Rxd5 Bxd5 18. Nxd5 Nd7 19. Ne7+ Kh8 20. Nxg6+ fxg6 21. Bxg6 Nf6 22. exf6 Qc7 23. f7 Rxf7 24. Bxf7 Qxf7 25. Re1 Nd4 26. Nxd4 cxd4 27. Qd6 Qg7 28. Re7 Rc8 29. h3 Qg5 30. Qxd4+ Kg8 31. Re3 1-0

[Event "Campionato georgiano fem 2007"]
[Site "Tbilisi GEO"]
[Date "2007.03.04"]
[Round "3"]
[White "Javakhishvili, L."]
[Black "Charkhalashvili, I."]
[Result "0-1"]
[WhiteElo "2421"]
[BlackElo "2316"]
[PlyCount "70"]
[EventDate "2007.03.02"]
[Source "www.chesslib.no"]
[SourceDate "2004.05.04"]

1. c4 Nf6 2. Nc3 e6 3. Nf3 b6 4. e4 Bb7 5. e5 Ne4 6. d4 Bb4 7. Qc2 c5 8. a3 Ba5 9. Bd3 Nxc3 10. bxc3 Bxf3 11. gxf3 cxd4 12. O-O Bxc3 13. Rb1 Nc6 14. Bf4 Qe7 15. Kh1 g5 16. Bg3 h5 17. h4 gxh4 18. Bf4 Qxa3 19. Be4 Rc8 20. Rg1 Qc5 21. Rg7 Rf8 22. Rh7 Qxc4 23. Bh6 Rg8 24. Rg1 Rxg1+ 25. Kxg1 Nxe5 26. f4 Ng4 27. Bd3 Qc5 28. Bg5 f5 29. Rh8+ Kf7 30. Rxc8 Qxc8 31. Bxf5 exf5 32. Qxf5+ Kg7 33. Bxh4 Qe8 34. Kh1 d3 35. f3 d2 0-1

[Event "Porto San Giorgio ITA, Open 2005"]
[Site "?"]
[Date "2005.08.26"]
[Round "5"]
[White "Kohlweyer Bernd"]
[Black "Altini Daniele"]
[Result "1/2-1/2"]
[WhiteElo "2423"]
[BlackElo "2280"]
[PlyCount "93"]
[EventDate "2005.??.??"]
[Source "www.chesslib.no"]
[SourceDate "2004.05.04"]

1. c4 Nf6 2. Nc3 e6 3. Nf3 b6 4. g3 Bb7 5. Bg2 Bb4 6. O-O O-O 7. Qc2 d5 8. cxd5 exd5 9. d4 Bxc3 10. Qxc3 Ne4 11. Qc2 Nd7 12. b3 Re8 13. Bb2 c5 14. dxc5 bxc5 15. e3 Qb6 16. Rac1 Rac8 17. Rfd1 Qh6 18. Re1 Ndf6 19. h3 Red8 20. Qe2 Nd7 21. Rc2 Ba6 22. Qd1 Nb6 23. Ne5 f6 24. Nd3 Qg6 25. Nf4 Qf7 26. h4 Bb7 27. h5 Ng5 28. Qd3 d4 29. exd4 Bxg2 30. Kxg2 Qb7+ 31. f3 cxd4 32. Rxc8 Nxc8 33. Ne6 Nxe6 34. Rxe6 Qd5 35. Re4 Qxh5 36. Qc4+ Qf7 37. Rxd4 Re8 38. Kf2 Nb6 39. Qxf7+ Kxf7 40. a4 Rc8 41. Rd2 Ke6 42. Bd4 Rc7 43. Re2+ Kd7 44. Ke3 Nd5+ 45. Kd2 Nb4 46. Bc3 Nd5 47. Bd4 1/2-1/2

[Event "VII Camp. europeo senior"]
[Site "Hockenheim GER"]
[Date "2007.06.09"]
[Round "8.9"]
[White "Uhlmann, Wolfgang"]
[Black "Fatalibekova, Elena"]
[Result "1-0"]
[WhiteElo "2419"]
[BlackElo "2273"]
[PlyCount "83"]
[EventDate "2007.06.02"]
[Source "www.chesslib.no"]
[SourceDate "2004.05.04"]

1. c4 Nf6 2. Nc3 e6 3. Nf3 b6 4. e4 Bb7 5. Bd3 c5 6. O-O Nc6 7. Re1 Nd4 8. Bf1 Be7 9. d3 O-O 10. Nxd4 cxd4 11. Ne2 Bb4 12. Bd2 Bxd2 13. Qxd2 e5 14. Ng3 d6 15. Be2 Bc8 16. f4 Rb8 17. Rf1 b5 18. cxb5 Rxb5 19. a4 Rb3 20. Bd1 Rb8 21. b4 Qb6 22. Rb1 a5 23. b5 Nd7 24. Nf5 Bb7 25. Bg4 Rbd8 26. Rbc1 Kh8 27. fxe5 Nxe5 28. Be2 Rc8 29. Qg5 Ng6 30. h4 Bxe4 31. Rxc8 Rxc8 32. Nxg7 Qc5 33. Qf6 Qe5 34. dxe4 Qxf6 35. Rxf6 Kxg7 36. Rxd6 Rc2 37. Bf1 Kf8 38. Rxd4 Ke7 39. b6 Ne5 40. b7 Nc6 41. Bb5 Nb8 42. Rd7+ 1-0

[Event "Ortigueira"]
[Site "?"]
[Date "2004.08.03"]
[Round "1.2"]
[White "Franco Ocampos Zenon"]
[Black "Alvarez Gonzalo Miguel Angel"]
[Result "1-0"]
[WhiteElo "2542"]
[BlackElo "2108"]
[PlyCount "51"]
[EventDate "2004.??.??"]
[Source "www.chesslib.no"]
[SourceDate "2004.05.04"]

1. c4 Nf6 2. Nc3 e6 3. Nf3 b6 4. e4 d6 5. d4 Nbd7 6. Bd3 Bb7 7. O-O e5 8. d5 a5 9. a3 Nc5 10. Bc2 g6 11. Bg5 Be7 12. b4 axb4 13. axb4 Na6 14. Ba4+ Nd7 15. Bxe7 Qxe7 16. Bc6 Nxb4 17. Bxb7 Rxa1 18. Qxa1 O-O 19. Qb1 Nc5 20. Qxb4 Nxb7 21. Ne1 Nc5 22. Qb1 Ra8 23. Nd3 Ra3 24. Qc1 Ra5 25. Nxc5 bxc5 26. Qb2 1-0

[Event "It (Open) Obrenovac SCG"]
[Site "?"]
[Date "2005.11.22"]
[Round "1"]
[White "Petrovic Petar"]
[Black "Petrik Tomas"]
[Result "0-1"]
[WhiteElo "2153"]
[BlackElo "2473"]
[PlyCount "105"]
[EventDate "2005.??.??"]
[Source "www.chesslib.no"]
[SourceDate "2004.05.04"]

1. c4 Nf6 2. Nc3 e6 3. Nf3 b6 4. e4 Bb7 5. e5 Ne4 6. Nxe4 Bxe4 7. Be2 c5 8. d3 Bb7 9. O-O Nc6 10. Bf4 d6 11. Qd2 dxe5 12. Nxe5 Nxe5 13. Bxe5 Bd6 14. Qf4 Bxe5 15. Qxe5 Qf6 16. Qc7 Qe7 17. Qe5 O-O 18. Rfd1 Rad8 19. d4 cxd4 20. Rxd4 Rxd4 21. Qxd4 Qg5 22. g3 Rd8 23. Qe3 Qf6 24. Rb1 g6 25. f3 h5 26. Kf2 h4 27. b3 Rd4 28. Rd1 e5 29. Rd3 Qd6 30. Rxd4 exd4 31. Qe8+ Kg7 32. Bd3 Qf6 33. Qe2 Qg5 34. Be4 Bxe4 35. Qxe4 Qd2+ 36. Qe2 hxg3+ 37. hxg3 Qc3 38. Qe5+ Kh7 39. Qf6 Qe3+ 40. Kf1 Kg8 41. Qf4 Qd3+ 42. Ke1 Qb1+ 43. Kd2 Qxa2+ 44. Kd3 Qxb3+ 45. Kxd4 Qb2+ 46. Kd5 a5 47. Qe3 Kg7 48. Kc6 a4 49. Qxb6 Qxb6+ 50. Kxb6 a3 51. c5 a2 52. c6 a1=Q 53. c7 0-1

[Event "NED Ch Open"]
[Site "?"]
[Date "2003.07.24"]
[Round "3"]
[White "Bosboom Manuel"]
[Black "Dogge Marc"]
[Result "1-0"]
[WhiteElo "2440"]
[BlackElo "2176"]
[PlyCount "85"]
[EventDate "2003.??.??"]
[Source "www.chesslib.no"]
[SourceDate "2004.05.04"]

1. c4 Nf6 2. Nc3 e6 3. Nf3 b6 4. e4 Bb7 5. e5 Ne4 6. Bd3 Ng5 7. Be2 Nxf3+ 8. Bxf3 Bxf3 9. Qxf3 Nc6 10. Qe4 Bc5 11. Nb5 a6 12. d4 axb5 13. dxc5 bxc4 14. Qg4 O-O 15. Bh6 g6 16. Bxf8 Qxf8 17. Qxc4 Nxe5 18. Qe4 Nc6 19. cxb6 cxb6 20. O-O d5 21. Qf4 Qd8 22. Rac1 Rc8 23. Rc3 e5 24. Qh6 f5 25. Rfc1 Qd7 26. h4 d4 27. Rh3 Nd8 28. h5 Nf7 29. Rxc8+ Qxc8 30. Qd2 Qd8 31. hxg6 hxg6 32. Rd3 Kg7 33. f4 Qd5 34. b3 exf4 35. Rxd4 Qc5 36. b4 Qe5 37. Rxf4 g5 38. Rc4 Qa1+ 39. Qc1 Qxa2 40. Qc3+ Kh7 41. Kh2 Nh6 42. Rc7+ Kg6 43. Rg7+ 1-0

[Event "GER Ch U20"]
[Site "Halle GER"]
[Date "1996.??.??"]
[Round "2"]
[White "Bunzmann, Dimitrij"]
[Black "Lauber, Arnd"]
[Result "1-0"]
[WhiteElo "2250"]
[BlackElo "2355"]
[PlyCount "61"]
[EventDate "1996.??.??"]
[Source "www.chesslib.no"]
[SourceDate "2004.05.04"]

1. c4 Nf6 2. Nc3 e6 3. Nf3 b6 4. g3 Bb7 5. Bg2 Be7 6. O-O O-O 7. d3 c5 8. h3 d5 9. cxd5 Nxd5 10. Bd2 Nc6 11. Rc1 Nd4 12. Nxd4 cxd4 13. Nxd5 Bxd5 14. Qa4 Bxg2 15. Kxg2 Qd5+ 16. Kh2 h5 17. Qc4 Qe5 18. Rfe1 h4 19. Bf4 Qf6 20. Kg2 e5 21. Bd2 Rad8 22. g4 Bd6 23. Qb5 Qe7 24. Rc6 f5 25. f3 Kh8 26. Rf1 Qd7 27. Rfc1 Bc5 28. Bg5 e4 29. Bxd8 exf3+ 30. exf3 fxg4 31. Rh6+ 1-0

[Event "England"]
[Site "?"]
[Date "1998.??.??"]
[Round "3"]
[White "Williams Leighton"]
[Black "Pigott John C"]
[Result "0-1"]
[WhiteElo "2240"]
[BlackElo "2360"]
[PlyCount "92"]
[EventDate "1998.??.??"]
[Source "www.chesslib.no"]
[SourceDate "2004.05.04"]

1. c4 Nf6 2. Nc3 e6 3. Nf3 b6 4. e4 Bb7 5. Bd3 c5 6. e5 Ng4 7. h3 Bxf3 8. Qxf3 Nxe5 9. Qxa8 Nxd3+ 10. Kf1 Be7 11. Qe4 Nb4 12. d3 O-O 13. Qe2 N8c6 14. Be3 f5 15. a3 Na6 16. f4 Nc7 17. Nb5 Bf6 18. g3 Nxb5 19. cxb5 Ne7 20. Rb1 Nd5 21. Bd2 g5 22. Ke1 gxf4 23. gxf4 Bd4 24. Kd1 Qh4 25. Qf3 Kh8 26. Rh2 Rc8 27. b3 Bc3 28. Rf2 Qf6 29. Qe2 Bxd2 30. Qxd2 Nc3+ 31. Kc1 Nxb1 32. Kxb1 Rg8 33. Rg2 Rxg2 34. Qxg2 Qc3 35. Ka2 Qxd3 36. Qa8+ Kg7 37. Qxa7 Qe2+ 38. Ka1 Qxb5 39. Qc7 Qf1+ 40. Ka2 Qe2+ 41. Ka1 Qd1+ 42. Ka2 Qc2+ 43. Ka1 Qxb3 44. Qxd7+ Kh6 45. Qe7 Qxa3+ 46. Kb1 Qb4+ 0-1

[Event "Serbie Montenegro (chpt equipes div2)"]
[Site "?"]
[Date "2004.09.11"]
[Round "3"]
[White "Milanovic Sla"]
[Black "Savic Miomir"]
[Result "1-0"]
[WhiteElo "2324"]
[BlackElo "2270"]
[PlyCount "82"]
[EventDate "2004.??.??"]
[Source "www.chesslib.no"]
[SourceDate "2004.05.04"]

1. c4 Nf6 2. Nc3 e6 3. Nf3 b6 4. e4 d6 5. d4 Bb7 6. d5 e5 7. h3 g6 8. Bg5 h6 9. Be3 Bg7 10. Qd2 Nbd7 11. Bd3 Nh5 12. g3 Nc5 13. Bc2 a5 14. Nh2 Bc8 15. Ng4 g5 16. O-O-O a4 17. Bxc5 bxc5 18. Bxa4+ Rxa4 19. Nxa4 O-O 20. Ne3 Bd7 21. Nc3 Qa8 22. Qe2 Nf6 23. g4 Rb8 24. f3 Nh7 25. h4 Nf8 26. hxg5 hxg5 27. Nf5 Ng6 28. Qh2 Bxf5 29. gxf5 Nf4 30. Qc2 Qa6 31. b3 Qa3+ 32. Qb2 Qa5 33. Nb5 Rxb5 34. cxb5 Qxb5 35. Qc2 Ne2+ 36. Kb2 Nd4 37. Qc4 Qb8 38. Rh3 Qd8 39. a4 Qa8 40. Ra1 Qa5 41. Qc3 Qa6 1-0

[Event "Gausdal Young Men"]
[Site "Gausdal"]
[Date "1982.??.??"]
[Round "7"]
[White "Svensson, Bengt"]
[Black "Karlsson, Peter"]
[Result "1-0"]
[WhiteElo "2330"]
[BlackElo "2250"]
[PlyCount "47"]
[EventDate "1982.??.??"]
[Source "ChessBase"]

1. c4 Nf6 2. Nc3 e6 3. Nf3 b6 4. e4 Bb7 5. Bd3 d6 6. Bc2 c5 7. d4 cxd4 8. Nxd4 Be7 9. O-O O-O 10. b3 a6 11. Bb2 Nbd7 12. Qe2 Qc7 13. Kh1 Rfe8 14. f4 g6 15. Nf3 Nh5 16. Qd2 Rad8 17. Rad1 Bf8 18. f5 e5 19. Ng5 Ndf6 20. Nd5 Nxd5 21. exd5 Rd7 22. Ne4 Be7 23. f6 Bd8 24. Qh6 1-0

[Event "Wch U20"]
[Site "Copenhagen"]
[Date "1982.??.??"]
[Round "5"]
[White "Stohl, Igor"]
[Black "Trifunov, Dimitar"]
[Result "0-1"]
[WhiteElo "2305"]
[BlackElo "2260"]
[PlyCount "44"]
[EventDate "1982.??.??"]
[Source "www.chesslib.no"]
[SourceDate "2004.05.04"]

1. c4 Nf6 2. Nc3 e6 3. Nf3 b6 4. e4 Bb7 5. Bd3 d6 6. Bc2 Be7 7. d4 c5 8. O-O O-O 9. b3 Nc6 10. Bb2 e5 11. dxe5 dxe5 12. Nd5 Bd6 13. Nh4 Nd4 14. Nf5 Nxf5 15. Nxf6+ Qxf6 16. exf5 Qg5 17. f3 Rad8 18. Bc1 Qh5 19. Be4 Be7 20. Qc2 Bxe4 21. Qxe4 Rd4 22. Qxe5 Bd6 0-1

[Event "Bucharest-B"]
[Site "?"]
[Date "2000.??.??"]
[Round "7"]
[White "Ionescu Cristian"]
[Black "Murariu Andrei"]
[Result "1-0"]
[WhiteElo "2311"]
[BlackElo "2221"]
[PlyCount "47"]
[EventDate "2000.??.??"]
[Source "www.chesslib.no"]
[SourceDate "2004.05.04"]

1. c4 Nf6 2. Nc3 e6 3. Nf3 b6 4. e4 d6 5. d4 Bb7 6. Bd3 Be7 7. O-O O-O 8. Qe2 Nbd7 9. b3 c5 10. Bb2 cxd4 11. Nxd4 Rc8 12. Rad1 a6 13. Bb1 Rc7 14. f4 e5 15. Nf5 Ne8 16. Nd5 Bxd5 17. exd5 Bf6 18. Nh6+ Kh8 19. Ng4 exf4 20. Qe4 g6 21. Nxf6 Nexf6 22. Qxf4 Kg7 23. Rd2 Re8 24. Qxd6 1-0

[Event "Budapest HUN"]
[Site "?"]
[Date "1999.09.07"]
[Round "4"]
[White "Molander Riku"]
[Black "Vadasz Laszlo"]
[Result "0-1"]
[WhiteElo "2234"]
[BlackElo "2275"]
[PlyCount "70"]
[EventDate "1999.??.??"]
[Source "www.chesslib.no"]
[SourceDate "2004.05.04"]

1. c4 Nf6 2. Nc3 e6 3. Nf3 b6 4. g3 Bb7 5. Bg2 Be7 6. O-O O-O 7. Re1 d5 8. cxd5 Nxd5 9. d4 Nxc3 10. bxc3 c5 11. e4 Nc6 12. Bf4 Bf6 13. Be3 Na5 14. Qd3 Qd7 15. h4 Rac8 16. Rec1 cxd4 17. cxd4 b5 18. Ng5 Bxg5 19. Bxg5 Nc4 20. Rab1 a6 21. Bd2 f5 22. Bb4 Rfd8 23. d5 fxe4 24. Bxe4 h6 25. Bc3 Bxd5 26. Bh7+ Kh8 27. Rd1 Qf7 28. Be4 Bxe4 29. Qxe4 Rd5 30. Rxd5 exd5 31. Qg4 Re8 32. Rd1 Rf8 33. Bd4 a5 34. Re1 Nd2 35. Re3 Qxf2+ 0-1

[Event "CRO-chTA U18"]
[Site "?"]
[Date "2002.09.20"]
[Round "?"]
[White "Ramesa Davor"]
[Black "Brkic Ante"]
[Result "0-1"]
[WhiteElo "2141"]
[BlackElo "2351"]
[PlyCount "78"]
[EventDate "2002.??.??"]
[Source "www.chesslib.no"]
[SourceDate "2004.05.04"]

1. c4 Nf6 2. Nc3 e6 3. Nf3 b6 4. g3 Bb7 5. Bg2 Bb4 6. O-O O-O 7. d4 Bxc3 8. bxc3 d6 9. Bg5 Nbd7 10. Nd2 Bxg2 11. Kxg2 h6 12. Bxf6 Nxf6 13. Qc2 Qc8 14. e4 e5 15. Rae1 Re8 16. a3 Qb7 17. f4 exf4 18. Rxf4 Re7 19. Ref1 Rae8 20. Rxf6 gxf6 21. Rxf6 Re6 22. Rf4 b5 23. d5 Rg6 24. Nf3 bxc4 25. Nh4 Rg5 26. Nf5 Kh7 27. Qf2 Qb1 28. Nd4 f6 29. Ne6 Re5 30. Qe2 Rb8 31. Rf2 Qxe4+ 32. Qxe4+ Rxe4 33. Rxf6 Re3 34. Rf2 Rxc3 35. Nxc7 Rc1 36. Ne6 c3 37. Rf7+ Kh8 38. Rf6 Rb2+ 39. Rf2 Rd1 0-1